00442nam a2200145Ia 4500008004100000020001800041082001400059100001900073245002200092260001200114500000800126942000700134952014000141999001500281260604s9999 xx 000 0 und d a9788197349430 a808.3 BLU aBLUEONE935423 0aBe out of the Box bBLUEONE aBox cBK 00104070aIIMVbIIMVcChildren Collectiond2026-06-04g299.00l0o808.3 BLUp003856r2026-06-04 10:19:29v299.00w2026-06-04yBKBBLU c8238d8238